000 00509nmm a2200169Ia 4500
008 251105s9999||||xx |||||||||||||||||und||
020 _a8479086351
041 _aspa
100 _aDel Álamo Triana, I.
245 0 _aCorpus Barga, cronista de su siglo
264 _a[Madrid, España] :
_bPublicaciones de la Universidad de Alicante,
_c2001
300 _a278 páginas
490 _aMG Monografías
650 _aSpanish literature
856 _uhttps://public.digitaliapublishing.com/a/599
942 _cCF
999 _c73564
_d73564